Geography Quiz

Random Geography or City Quiz
Score 0/20 Timer 06:00
3 Plays Today
Rank City % Correct
1New Orleans
98.7%
2Baton Rouge
97.3%
3Shreveport
76.5%
4Lafayette
69.8%
8Monroe
53.4%
5Lake Charles
52.9%
9Alexandria
44.4%
10Houma
33.8%
13Slidell
33.5%
7Kenner
33.1%
Rank City % Correct
6Bossier City
32.9%
14Ruston
27.1%
12Central
24.6%
11New Iberia
22.9%
17Natchitoches
17.7%
20Opelousas
17.2%
15Hammond
17%
18Gretna
14.5%
16Sulphur
12.4%
19Zachary
9.2%

You're not logged in!

Compare scores with friends on all Sporcle quizzes.
OR
Log In

Sporcle TV

Today on Sporcle TV


Watch our educational content, quiz creation guides, and fun videos on Sporcle TV.

Show Comments

Extras

Top Quizzes Today


Score Distribution

Paid Content

Your Account Isn't Verified!

In order to create a playlist on Sporcle, you need to verify the email address you used during registration. Go to your Sporcle Settings to finish the process.

Report this User

Report this user for behavior that violates our Community Guidelines.

Details: